Twentieth century Britain

Saved in:
書目詳細資料
主要作者: Havighurst, Alfred F (Author)
格式: 圖書
語言:英语
出版: Nueva York Harper Row 1966
版:2a. ed
主題:
標簽: 添加標簽
沒有標簽, 成為第一個標記此記錄!

MARC

LEADER 00000nam a2200000 a 4500
001 UCH1360
003 CL-VaPUC
008 090427e19660000US |||||||||||||||||eng|d
082 0 4 |a 942  |b HAV  |2 21 
100 0 |a Havighurst, Alfred F  |e author  |9 535822 
245 1 0 |a Twentieth century Britain 
250 |a 2a. ed 
300 |a 572 p 
942 |c BK 
945 |d 20090427 00:00:00  |a rbrito 
260 |a Nueva York  |b Harper Row  |c 1966 
650 7 |a HISTORIA DE INGLATERRA SIGLO 20  |2 CL-VaPUC  |9 388269 
651 0 |a Inglaterra  |9 255158 
583 |a last modification  |c 20090427 00:00:00  |k Rodrigo Vera 
999 |c 333411  |d 333409 
952 |0 0  |1 0  |4 0  |6 942_000000000000000_HAV_1966  |7 0  |8 A  |9 421773  |a BIBHIS  |b BIBHIS  |d 2019-11-22  |i 4539648  |o 942 HAV 1966  |p 4539648  |r 2025-01-20  |w 2019-11-22  |y BK  |k HIS